The Physician and cost control / (Record no. 4661)

000 -LEADER
fixed length control field 01342cam a2200337 i 4500
001 - CONTROL NUMBER
control field 3227159
003 - CONTROL NUMBER IDENTIFIER
control field OSt
005 - DATE AND TIME OF LATEST TRANSACTION
control field 20220325111612.0
008 - FIXED-LENGTH DATA ELEMENTS--GENERAL INFORMATION
fixed length control field 790912s1980 maua b 101 0 eng
010 ## - LIBRARY OF CONGRESS CONTROL NUMBER
LC control number 79021736
020 ## - INTERNATIONAL STANDARD BOOK NUMBER
International Standard Book Number 0899460054
040 ## - CATALOGING SOURCE
Original cataloging agency DLC
Transcribing agency DLC
Modifying agency DLC
043 ## - GEOGRAPHIC AREA CODE
Geographic area code n-us---
050 00 - LIBRARY OF CONGRESS CALL NUMBER
Classification number RA410
Item number .P47 1980
082 00 - DEWEY DECIMAL CLASSIFICATION NUMBER
Classification number 658.1/514
245 04 - TITLE STATEMENT
Title The Physician and cost control /
Statement of responsibility, etc. edited by Edward J. Carels, Duncan Neuhauser, William B. Stason.
260 ## - PUBLICATION, DISTRIBUTION, ETC.
Place of publication, distribution, etc. Cambridge, Mass. :
Name of publisher, distributor, etc. Oelgeschlager, Gunn & Hain,
Date of publication, distribution, etc. c1980.
300 ## - PHYSICAL DESCRIPTION
Extent xx, 180 p. :
Other physical details ill. ;
Dimensions 24 cm.
500 ## - GENERAL NOTE
General note Based on a conference sponsored by Harvard School of Public Health, Center for the Analysis of Health Practices, and others, held Dec. 9-10, 1978.
504 ## - BIBLIOGRAPHY, ETC. NOTE
Bibliography, etc. note Includes bibliographical references and index.
650 #0 - SUBJECT ADDED ENTRY--TOPICAL TERM
Topical term or geographic name entry element Medical care
Geographic subdivision United States
General subdivision Cost control
-- Congresses.
650 #0 - SUBJECT ADDED ENTRY--TOPICAL TERM
Topical term or geographic name entry element Physicians
Geographic subdivision United States
General subdivision Congresses.
650 #0 - SUBJECT ADDED ENTRY--TOPICAL TERM
Topical term or geographic name entry element Medicine
General subdivision Practice
Geographic subdivision United States
General subdivision Congresses.
650 #0 - SUBJECT ADDED ENTRY--TOPICAL TERM
Topical term or geographic name entry element Clinical medicine
General subdivision Decision making
-- Congresses.
700 1# - ADDED ENTRY--PERSONAL NAME
Personal name Carels, Edward J.
700 1# - ADDED ENTRY--PERSONAL NAME
Personal name Neuhauser, Duncan,
Dates associated with a name 1939-
700 1# - ADDED ENTRY--PERSONAL NAME
Personal name Stason, William B.
710 2# - ADDED ENTRY--CORPORATE NAME
Corporate name or jurisdiction name as entry element Harvard School of Public Health.
Subordinate unit Center for the Analysis of Health Practices.
906 ## - LOCAL DATA ELEMENT F, LDF (RLIN)
a 7
b cbc
c orignew
d 1
e ocip
f 19
g y-gencatlg
942 ## - ADDED ENTRY ELEMENTS (KOHA)
Source of classification or shelving scheme
Koha item type Book
Suppress in OPAC DO
Holdings
Withdrawn status Lost status Source of classification or shelving scheme Damaged status Not for loan Permanent Location Current Location Shelving location Date acquired Source of acquisition Total Checkouts Full call number Barcode Date last seen Price effective from Koha item type Public note
          AU LIBRARY AU LIBRARY Open Shelf 25.03.2022 DONATION FROM MOI UNIVERSITY   RA410 .P47 1980 28006977 25.03.2022 25.03.2022 Book DO

Powered by Koha